| 000 | 00543nam a2200181Ia 4500 | ||
|---|---|---|---|
| 003 | GCL | ||
| 008 | 140319s9999 xx 000 0 ara d | ||
| 040 |
_aGCL / _cGCL |
||
| 082 | 0 | 4 |
_aق _b215.96216 _bم ا |
| 100 | 1 | _aمحمد رجب البيومى | |
| 245 | 1 | 0 |
_aالازهر بين السياسة وحرية الفكر / _cمحمد رجب البيومى |
| 300 | _a202 ص | ||
| 490 |
_aكتاب الهلال _v0 |
||
| 650 | 0 | 4 | _aالثورات |
| 650 | 0 | 4 | _aجامعة الازهر |
| 650 | 0 | 4 | _aالازهر (جامع) |
| 942 |
_2ddc _cBK |
||
| 999 |
_c38224 _d38224 |
||